| 000 | 00805nam a2200253 a 4500 | ||
|---|---|---|---|
| 005 | 20250408063821.0 | ||
| 008 | 011031s1998 es r 000 0 spa d | ||
| 020 | _a8427709382 | ||
| 035 | _aUPN01000113679 | ||
| 049 | _aCG | ||
| 050 | 4 |
_aLB1029 _bA4.38 1998 |
|
| 100 | 1 |
_aAebli, Hans, _d1923-1990 _928548 |
|
| 245 | 1 | 0 |
_aFactores de la enseñanza que favorecen el aprendizaje autónomo / _cHans Aebli ; tr. Ricardo Lucio. |
| 250 | _a3a ed. | ||
| 260 |
_aMadrid : _bNarcea, _c1998. |
||
| 300 |
_a365 p. : _bil. |
||
| 440 | 0 |
_aEducación hoy. _pEstudios |
|
| 590 | _a(También localizas un ejemplar en el "Area de Reserva") | ||
| 590 | _aBibliografía Básica (BGTQ) | ||
| 650 | 2 |
_aMétodos de enseñanza _95706 |
|
| 650 | 4 |
_aAprendizaje _92861 |
|
| 650 | 4 |
_aAutoeducación _92905 |
|
| 905 | _aLibro | ||
| 999 |
_c87587 _d87587 |
||